[Event "DSM WK M 2015"]
[Site "Karlsruhe GER"]
[Date "2015.05.08"]
[Round "1"]
[White "Buchheim, Luise"]
[Black "Buschek, Paula"]
[Result "1-0"]
[Termination "normal"]
[Board "6.3"]
[WhiteElo "1112"]
[BlackElo "788"]
[WhiteTeam "Ludwigsgymnasium Köthen"]
[BlackTeam "Käthe-Kollwitz-Gymnasium Berlin"]
[PlyCount "91"]
[WhiteFideId "16217179"]
[BlackFideId "16217373"]
[EventCountry "GER"]
[EventRounds "7"]
[EventType "team-swiss"]
[EventDate "2015.05.07"]

1. e4 c5 2. Nf3 Nc6 3. Bc4 Nf6 4. d3 g6 5. Nc3 Bg7 6. Be3 d6 7. h3 O-O 8. Qd2
a6 9. O-O-O b5 10. Bd5 Nxd5 11. Nxd5 Be6 12. Bh6 b4 13. b3 Ne5 14. Nh2 a5 15.
f3 f6 16. Ng4 Nf7 17. Bxg7 Kxg7 18. d4 f5 19. Nge3 Kg8 20. c3 Qe8 21. Nc7 Qd7
22. Nxa8 Rxa8 23. Qb2 a4 24. d5 a3 25. Qc2 f4 26. dxe6 Qxe6 27. Nc4 Ne5 28.
Nxe5 dxe5 29. Rd5 Rc8 30. c4 h5 31. Qf2 Qb6 32. Rhd1 g5 33. Rxe5 Qf6 34. Rf5
Qg7 35. Rd2 g4 36. hxg4 hxg4 37. fxg4 Qxg4 38. Rxf4 Qg7 39. Qf3 e6 40. Rg4 Kh7
41. Rxg7+ Kxg7 42. e5 Rh8 43. Qf6+ Kg8 44. Rd8+ Kh7 45. Rd7+ Kg8 46. Qg7# 1-0

[Event "DSM WK M 2015"]
[Site "Karlsruhe GER"]
[Date "2015.05.08"]
[Round "1"]
[White "Oschlies, Tami"]
[Black "Buhle, Jasmin"]
[Result "1-0"]
[Termination "normal"]
[Board "6.4"]
[WhiteElo "800"]
[BlackElo "960"]
[WhiteTeam "Käthe-Kollwitz-Gymnasium Berlin"]
[BlackTeam "Ludwigsgymnasium Köthen"]
[PlyCount "64"]
[WhiteFideId "16217365"]
[BlackFideId "16217195"]
[EventCountry "GER"]
[EventRounds "7"]
[EventType "team-swiss"]
[EventDate "2015.05.07"]

1. e4 e5 2. Nf3 Nc6 3. Bc4 Bc5 4. d3 h6 5. c3 Nf6 6. O-O O-O 7. Bb3 d6 8. h3 d5
9. exd5 Nxd5 10. Re1 Re8 11. d4 exd4 12. Rxe8+ Qxe8 13. Bxd5 dxc3 14. Nxc3 Qd8
15. Qd3 Qe7 16. Qg6 Kh8 17. Qh5 Qf6 18. Bg5 Qg6 19. Qxg6 fxg6 20. Bf4 Bd7 21.
Bxc7 Rc8 22. Bf4 Re8 23. Nh4 Kh7 24. Ne4 Rf8 25. Bd6 Bxd6 26. Nxd6 Rf6 27. Nxb7
Nb4 28. Bc4 Bc6 29. Na5 Bd5 30. Bxd5 Nxd5 31. Rd1 Rd6 32. Nb7 Rd7 1-0

[Event "DSM WK M 2015"]
[Site "Karlsruhe GER"]
[Date "2015.05.08"]
[Round "1"]
[White "Hiller, Samira"]
[Black "Hofmann, Imke"]
[Result "0-1"]
[Termination "normal"]
[Board "7.1"]
[WhiteElo "959"]
[BlackElo "1253"]
[WhiteTeam "Martin-Andersen-Nexö-Gymnasium Dresden"]
[BlackTeam "Konrad-Duden-Schule Bad Hersfeld"]
[PlyCount "74"]
[EventCountry "GER"]
[EventRounds "7"]
[EventType "team-swiss"]
[EventDate "2015.05.07"]

1. e4 e5 2. Nf3 Nc6 3. Bc4 Bc5 4. Nc3 Nf6 5. d3 h6 6. Be3 Be7 7. d4 d6 8. h3
Na5 9. Qd3 Nxc4 10. Qxc4 c6 11. dxe5 d5 12. exd5 cxd5 13. Qd4 Ne4 14. Nxd5 Qa5+
15. Bd2 Nxd2 16. Nxd2 Bg5 17. c3 O-O 18. O-O Rd8 19. c4 Be6 20. Nb3 Qa4 21. Qe4
Bxd5 22. cxd5 Qxe4 23. Rfe1 Qxd5 24. Rad1 Qxd1 25. Rxd1 Rxd1+ 26. Kh2 Bf4+ 27.
g3 Bxe5 28. Kg2 Rc8 29. a3 Bxb2 30. a4 Rc2 31. h4 Bd4 32. Nxd4 Rxd4 33. a5 Rdd2
34. Kf3 Rxf2+ 35. Kg4 f5+ 36. Kh5 Kh7 37. g4 g6# 0-1

[Event "DSM WK M 2015"]
[Site "Karlsruhe GER"]
[Date "2015.05.08"]
[Round "1"]
[White "Weber, Alexandra"]
[Black "Schäfer, Jessica"]
[Result "0-1"]
[Termination "normal"]
[Board "7.3"]
[WhiteElo "843"]
[BlackElo "1091"]
[WhiteTeam "Martin-Andersen-Nexö-Gymnasium Dresden"]
[BlackTeam "Konrad-Duden-Schule Bad Hersfeld"]
[PlyCount "70"]
[BlackFideId "12996491"]
[EventCountry "GER"]
[EventRounds "7"]
[EventType "team-swiss"]
[EventDate "2015.05.07"]

1. e4 c5 2. Nf3 d6 3. Nc3 Nc6 4. Bb5 Bd7 5. d3 Nf6 6. Bg5 e6 7. O-O Be7 8. Qd2
h6 9. Bf4 a6 10. Bc4 b5 11. Bb3 e5 12. Be3 Ng4 13. a4 Nxe3 14. Qxe3 Nd4 15.
Nxd4 cxd4 16. Qf3 O-O 17. Nd5 Bg5 18. axb5 Bxb5 19. Nb4 a5 20. Bd5 Rc8 21. Bb7
Rc7 22. Ba6 Bxa6 23. Nxa6 Rxc2 24. Ra2 Qb6 25. Qd1 Rfc8 26. g3 Qxa6 27. Qa1 Rc1
28. Rxc1 Rxc1+ 29. Qxc1 Bxc1 30. b3 Qxd3 31. Rxa5 Qxe4 32. Ra1 Qe1+ 33. Kg2
Qe4+ 34. Kh3 Bg5 35. g4 Qf3# 0-1

[Event "DSM WK M 2015"]
[Site "Karlsruhe GER"]
[Date "2015.05.08"]
[Round "1"]
[White "Nguyen, Mai Chi"]
[Black "Hutschenreiter, Pia"]
[Result "1-0"]
[Termination "normal"]
[Board "7.4"]
[WhiteElo "800"]
[BlackElo "800"]
[WhiteTeam "Konrad-Duden-Schule Bad Hersfeld"]
[BlackTeam "Martin-Andersen-Nexö-Gymnasium Dresden"]
[PlyCount "79"]
[EventCountry "GER"]
[EventRounds "7"]
[EventType "team-swiss"]
[EventDate "2015.05.07"]

1. e4 e5 2. Nf3 Nc6 3. Nc3 Nf6 4. Bb5 Nd4 5. d3 Bb4 6. Bd2 O-O 7. a3 Ba5 8.
Nxe5 d6 9. Nf3 Bg4 10. Bc4 Qd7 11. Bb5 c6 12. Be3 Nxb5 13. Bd2 Bb6 14. Nxb5
cxb5 15. h3 Bh5 16. Qe2 Bg6 17. Bc3 Nh5 18. g4 Nf4 19. Qf1 Ne6 20. O-O-O Qc7
21. Qe2 Nf4 22. Qd2 Ne6 23. Ng5 Qc8 24. Nxe6 Qxe6 25. Kb1 Qc8 26. Qf4 Qd8 27.
e5 Bc7 28. exd6 Bxd6 29. Qd4 Qf6 30. Qxf6 gxf6 31. Bxf6 Rfe8 32. h4 Bf4 33. h5
Be4 34. dxe4 Rxe4 35. g5 Rc8 36. g6 fxg6 37. hxg6 h6 38. Rde1 Rec4 39. c3 R8c5
40. Re8# 1-0

[Event "DSM WK M 2015"]
[Site "Karlsruhe GER"]
[Date "2015.05.08"]
[Round "1"]
[White "Caliebe, Nanke"]
[Black "Marquard, Chantal"]
[Result "1-0"]
[Termination "normal"]
[Board "8.1"]
[WhiteElo "1360"]
[BlackElo "800"]
[WhiteTeam "Gymnasium Altenholz"]
[BlackTeam "Oberschule Adolph Diesterweg Hennigsdorf"]
[PlyCount "21"]
[WhiteFideId "12980528"]
[EventCountry "GER"]
[EventRounds "7"]
[EventType "team-swiss"]
[EventDate "2015.05.07"]

1. d4 d5 2. c4 Nf6 3. Nc3 e6 4. Nf3 Nc6 5. Bg5 h6 6. Bh4 e5 7. dxe5 Nd7 8. Bxd8
Nxd8 9. Nxd5 c6 10. Nc7+ Ke7 11. Qd6# 1-0

[Event "DSM WK M 2015"]
[Site "Karlsruhe GER"]
[Date "2015.05.08"]
[Round "1"]
[White "Nemitz, Rebekka"]
[Black "König, Isabel"]
[Result "0-1"]
[Termination "normal"]
[Board "8.2"]
[WhiteElo "825"]
[BlackElo "1073"]
[WhiteTeam "Oberschule Adolph Diesterweg Hennigsdorf"]
[BlackTeam "Gymnasium Altenholz"]
[PlyCount "98"]
[BlackFideId "16210000"]
[EventCountry "GER"]
[EventRounds "7"]
[EventType "team-swiss"]
[EventDate "2015.05.07"]

1. e4 c5 2. Nf3 e6 3. Nc3 d6 4. Bc4 a6 5. b3 b5 6. Bd3 Nc6 7. Bb2 Nf6 8. a4 b4
9. Ne2 Be7 10. c3 bxc3 11. Bxc3 Rb8 12. O-O O-O 13. Rb1 Bb7 14. Ng3 a5 15. Qe2
Re8 16. Bb5 Qc7 17. e5 Nd5 18. Bb2 Red8 19. Rbd1 Nf4 20. Qe1 Nb4 21. Qe3 Nfd5
22. Qe4 Nc3 23. Qe3 Nxd1 24. Rxd1 Nd5 25. Qd3 Qb6 26. Ne4 Nb4 27. Qb1 d5 28.
Neg5 Bxg5 29. Nxg5 g6 30. d4 c4 31. bxc4 dxc4 32. Qc1 Nd3 33. Qc2 Rbc8 34. Kf1
Nxb2 35. Qxb2 c3 36. Qc2 Ba6 37. Rb1 Bxb5+ 38. axb5 Rxd4 39. Nf3 Rb4 40. Qd3
Rxb1+ 41. Qxb1 c2 42. Qc1 Qxb5+ 43. Kg1 Qb1 44. Nd2 Qxc1+ 45. Nf1 Qd1 46. g3
c1=Q 47. Kg2 Qxf1+ 48. Kf3 Rc3+ 49. Ke4 Qc4# 0-1

[Event "DSM WK M 2015"]
[Site "Karlsruhe GER"]
[Date "2015.05.08"]
[Round "1"]
[White "Morsch, Rebecca"]
[Black "Fischer, Trixy"]
[Result "1-0"]
[Termination "normal"]
[Board "8.3"]
[WhiteElo "800"]
[BlackElo "800"]
[WhiteTeam "Gymnasium Altenholz"]
[BlackTeam "Oberschule Adolph Diesterweg Hennigsdorf"]
[PlyCount "95"]
[BlackFideId "16217462"]
[EventCountry "GER"]
[EventRounds "7"]
[EventType "team-swiss"]
[EventDate "2015.05.07"]

1. e4 e5 2. Nf3 Nc6 3. Nc3 Nf6 4. Bb5 a6 5. Bxc6 dxc6 6. O-O Bc5 7. d3 O-O 8.
Bd2 h6 9. Nxe5 Qe7 10. Nf3 Bg4 11. h3 Bh5 12. d4 Bb6 13. e5 Nd7 14. Qe2 c5 15.
Qe4 c4 16. Qxb7 Bg6 17. Nd5 Qd8 18. Nxb6 cxb6 19. Qd5 b5 20. c3 Qa5 21. Rfe1
Qa4 22. Re3 Qc2 23. Bc1 Qd1+ 24. Re1 Qd3 25. Qxd7 Be4 26. Re3 Qb1 27. Re1 Qc2
28. Qg4 Bf5 29. Qf4 g5 30. Qd2 Qa4 31. Qd1 Bc2 32. Qe2 Bd3 33. Qe3 b4 34. cxb4
Qxb4 35. Qd2 Qb5 36. a3 Qd5 37. Qb4 a5 38. Qe7 Be4 39. Re3 Bf5 40. Qd6 Qb5 41.
Qxh6 Ra6 42. Qxg5+ Rg6 43. Qxf5 Qb6 44. Qh5 Qe6 45. Ng5 Rxg5 46. Qxg5+ Qg6 47.
Rg3 Qg7 48. Qxg7# 1-0

[Event "DSM WK M 2015"]
[Site "Karlsruhe GER"]
[Date "2015.05.08"]
[Round "1"]
[White "Uhn, Jeannine"]
[Black "Mewis, Rebekka"]
[Result "0-1"]
[Termination "normal"]
[Board "8.4"]
[WhiteElo "800"]
[BlackElo "800"]
[WhiteTeam "Oberschule Adolph Diesterweg Hennigsdorf"]
[BlackTeam "Gymnasium Altenholz"]
[PlyCount "148"]
[EventCountry "GER"]
[EventRounds "7"]
[EventType "team-swiss"]
[EventDate "2015.05.07"]

1. e4 e5 2. Nf3 Nc6 3. Nc3 Nf6 4. Bc4 Bb4 5. a3 Ba5 6. d3 d6 7. Be3 Bg4 8. h3
Bh5 9. g4 Bg6 10. h4 h6 11. h5 Bh7 12. g5 hxg5 13. Nxg5 Ng4 14. Bxf7+ Ke7 15.
Qxg4 Bb6 16. Nd5+ Kf8 17. f4 Ne7 18. Ne6+ Kxf7 19. f5 Qd7 20. Bg5 Nxd5 21. exd5
Qa4 22. Rc1 Qxg4 23. Rh4 Qxf5 24. Rf4 Be3 25. Rd1 Bxf4 26. Bxf4 Qxf4 27. Nxf4
Bf5 28. h6 Rxh6 29. Ng2 Rah8 30. Ne3 g6 31. Rd2 Rh3 32. Ke2 Rh2+ 33. Kd1 Rxd2+
34. Kxd2 Rh2+ 35. Kc3 Rh1 36. b4 e4 37. b5 exd3 38. cxd3 Rc1+ 39. Kd4 Rc5 40.
a4 Rc1 41. a5 b6 42. a6 Rb1 43. Kc4 Kf6 44. d4 g5 45. Ng2 g4 46. Nf4 Kg5 47.
Ne2 Rb2 48. Ng3 Rc2+ 49. Kb4 c5+ 50. dxc5 Rxc5 51. Ne2 Rxd5 52. Nc3 Rd4+ 53.
Kb3 g3 54. Ne2 Rd3+ 55. Kb2 Rd2+ 56. Kc1 Rxe2 57. Kd1 Re8 58. Kd2 g2 59. Kc3
g1=Q 60. Kc4 Qd1 61. Kc3 Re4 62. Kb2 Qd3 63. Kc1 Rc4+ 64. Kb2 Qb3+ 65. Kxb3 Rc2
66. Kb4 d5 67. Kb3 Rc8 68. Ka3 d4 69. Kb4 d3 70. Kb3 d2 71. Kb4 d1=Q 72. Ka3
Qb1 73. Ka4 Rc2 74. Ka3 Ra2# 0-1

[Event "DSM WK M 2015"]
[Site "Karlsruhe GER"]
[Date "2015.05.08"]
[Round "1"]
[White "Brokinkel, Lilli"]
[Black "Dorendorf, Lena"]
[Result "0-1"]
[Termination "normal"]
[Board "9.1"]
[WhiteElo "800"]
[BlackElo "1125"]
[WhiteTeam "Oberschule Am Barkhof Bremen"]
[BlackTeam "Gymnasium Gadebusch"]
[PlyCount "64"]
[BlackFideId "12983373"]
[EventCountry "GER"]
[EventRounds "7"]
[EventType "team-swiss"]
[EventDate "2015.05.07"]

1. e4 e5 2. Nf3 Nc6 3. Nc3 Nf6 4. Bc4 Bc5 5. d3 d6 6. Bg5 h6 7. Bxf6 Qxf6 8.
O-O Qg6 9. g3 Bg4 10. Nd5 Rc8 11. b3 Nd4 12. Qc1 Ne2+ 13. Kg2 Nxc1 14. Raxc1
Bxf3+ 15. Kxf3 Qh5+ 16. Kg2 c6 17. Nc3 b5 18. b4 Bxb4 19. Nd1 bxc4 20. dxc4 Rb8
21. c3 Ba3 22. Rc2 Rb1 23. Rd2 Ke7 24. Ne3 Rxf1 25. Nxf1 f5 26. exf5 Qxf5 27.
Ne3 Qf7 28. Nc2 Bc5 29. a4 Rf8 30. a5 Qf3+ 31. Kh3 Rf5 32. Nd4 Rh5# 0-1

[Event "DSM WK M 2015"]
[Site "Karlsruhe GER"]
[Date "2015.05.08"]
[Round "1"]
[White "Lübbert, Charline"]
[Black "Bachmann, Paula"]
[Result "1-0"]
[Termination "normal"]
[Board "9.2"]
[WhiteElo "1228"]
[BlackElo "800"]
[WhiteTeam "Gymnasium Gadebusch"]
[BlackTeam "Oberschule Am Barkhof Bremen"]
[PlyCount "27"]
[WhiteFideId "12983381"]
[EventCountry "GER"]
[EventRounds "7"]
[EventType "team-swiss"]
[EventDate "2015.05.07"]

1. e4 e5 2. Nf3 Nc6 3. Bc4 Bb4 4. a3 Bc5 5. Nc3 Nf6 6. d3 d6 7. Bg5 h6 8. Bh4
Bg4 9. Nd5 Bxf3 10. Qxf3 Rh7 11. Bxf6 gxf6 12. Nxf6+ Ke7 13. Nxh7 Nd4 14. Qxf7#
1-0

[Event "DSM WK M 2015"]
[Site "Karlsruhe GER"]
[Date "2015.05.08"]
[Round "1"]
[White "Hobrecht, Marei"]
[Black "Albrecht, Marie"]
[Result "0-1"]
[Termination "normal"]
[Board "9.3"]
[WhiteElo "800"]
[BlackElo "991"]
[WhiteTeam "Oberschule Am Barkhof Bremen"]
[BlackTeam "Gymnasium Gadebusch"]
[PlyCount "62"]
[BlackFideId "12983390"]
[EventCountry "GER"]
[EventRounds "7"]
[EventType "team-swiss"]
[EventDate "2015.05.07"]

1. e4 e5 2. Nf3 Nc6 3. Bc4 Nf6 4. Nc3 Bb4 5. a3 Bxc3 6. bxc3 Nxe4 7. Bd3 Nf6 8.
O-O O-O 9. Re1 d6 10. c4 Bg4 11. Re3 Nd7 12. Bb2 Qf6 13. Qe2 Nc5 14. g3 Nxd3
15. cxd3 Qf5 16. Nh4 Qg5 17. f3 Bf5 18. f4 exf4 19. Nxf5 fxe3 20. Nxe3 Rae8 21.
Rf1 h5 22. Rf5 Qxf5 23. a4 Qg5 24. a5 h4 25. Ba1 hxg3 26. hxg3 Re6 27. g4 Rfe8
28. Kg2 Rh6 29. Nf5 Rxe2+ 30. Kg1 Rhh2 31. Be5 Qxg4+ 0-1

[Event "DSM WK M 2015"]
[Site "Karlsruhe GER"]
[Date "2015.05.08"]
[Round "1"]
[White "Groß, Sarah"]
[Black "Matern, Alexa"]
[Result "1-0"]
[Termination "normal"]
[Board "9.4"]
[WhiteElo "800"]
[BlackElo "800"]
[WhiteTeam "Gymnasium Gadebusch"]
[BlackTeam "Oberschule Am Barkhof Bremen"]
[PlyCount "57"]
[EventCountry "GER"]
[EventRounds "7"]
[EventType "team-swiss"]
[EventDate "2015.05.07"]

1. e4 e5 2. Nf3 Nc6 3. Bb5 Nf6 4. Bxc6 bxc6 5. Nc3 Bb4 6. a3 Bxc3 7. dxc3 O-O
8. a4 d6 9. O-O Bg4 10. Bg5 Bxf3 11. Qxf3 c5 12. Bh4 c4 13. Rad1 Rb8 14. Qf5
Qd7 15. Qxd7 Nxd7 16. h3 Rxb2 17. Rb1 Rxc2 18. Rb4 Rxc3 19. Rb7 Rd3 20. Rxc7
Nc5 21. Rxc5 dxc5 22. Be7 Re8 23. Bxc5 Ra8 24. Rb1 Rb3 25. Ra1 c3 26. Rc1 Rb2
27. Rxc3 Ra2 28. Bxa7 Rxa7 29. Rc8# 1-0

[Event "DSM WK M 2015"]
[Site "Karlsruhe GER"]
[Date "2015.05.08"]
[Round "2"]
[White "Krein, Jana"]
[Black "Caliebe, Nanke"]
[Result "1-0"]
[Termination "normal"]
[Board "1.1"]
[WhiteElo "1576"]
[BlackElo "1360"]
[WhiteTeam "Auguste-Viktoria-Gymnasium Trier"]
[BlackTeam "Gymnasium Altenholz"]
[PlyCount "109"]
[WhiteFideId "12937762"]
[BlackFideId "12980528"]
[EventCountry "GER"]
[EventRounds "7"]
[EventType "team-swiss"]
[EventDate "2015.05.07"]

1. e4 c5 2. Nf3 e6 3. d4 cxd4 4. Nxd4 Nc6 5. Be3 Nf6 6. Nd2 Bb4 7. c3 Ba5 8.
Qc2 O-O 9. h4 Ng4 10. Nxc6 bxc6 11. Bf4 Qf6 12. Bg3 Bb6 13. Nc4 Bc5 14. f3 Ne3
15. Nxe3 Bxe3 16. Bd3 Bf4 17. Bf2 a5 18. g3 Bc7 19. f4 Ba6 20. c4 Qe7 21. O-O-O
Rab8 22. e5 g6 23. h5 Bb6 24. Bxb6 Rxb6 25. hxg6 fxg6 26. Qh2 Kf7 27. Qxh7+ Ke8
28. Bxg6+ Kd8 29. Qxe7+ Kxe7 30. Rh7+ Kd8 31. Rdxd7+ Kc8 32. Bd3 Re8 33. Rhg7
Rb7 34. Rxb7 Bxb7 35. c5 Rd8 36. Kc2 Rd5 37. Rg8+ Kc7 38. Bc4 Rxc5 39. Kd3 Kb6
40. g4 Ba6 41. Bxa6 Kxa6 42. g5 Rd5+ 43. Ke3 c5 44. g6 Rd7 45. g7 Kb7 46. Rb8+
Kxb8 47. g8=Q+ Kc7 48. Qxe6 Rd8 49. f5 Rh8 50. Qd6+ Kb7 51. e6 Rh3+ 52. Ke4
Rh4+ 53. Ke5 Rh1 54. Qd5+ Kb6 55. Qxh1 1-0

[Event "DSM WK M 2015"]
[Site "Karlsruhe GER"]
[Date "2015.05.08"]
[Round "2"]
[White "Kim, Yu-Mi"]
[Black "Morsch, Rebecca"]
[Result "1-0"]
[Termination "normal"]
[Board "1.3"]
[WhiteElo "1304"]
[BlackElo "800"]
[WhiteTeam "Auguste-Viktoria-Gymnasium Trier"]
[BlackTeam "Gymnasium Altenholz"]
[PlyCount "85"]
[WhiteFideId "12955361"]
[EventCountry "GER"]
[EventRounds "7"]
[EventType "team-swiss"]
[EventDate "2015.05.07"]

1. e4 c5 2. Nf3 e6 3. d3 d6 4. g3 Nf6 5. Bg2 Be7 6. O-O O-O 7. Bd2 a6 8. b3 b5
9. a3 Bb7 10. Re1 Nbd7 11. Bc3 Qc7 12. Nbd2 Qc6 13. Bb2 Rac8 14. c4 bxc4 15.
bxc4 Qb6 16. Bc3 Qc7 17. Rb1 Rb8 18. Qa4 Ne5 19. Ba5 Qc6 20. Qxc6 Nxc6 21. Bc3
e5 22. Nb3 Bc8 23. Na5 Nd4 24. Rxb8 Nxf3+ 25. Bxf3 Bg4 26. Rxf8+ Bxf8 27. Bxg4
Nxg4 28. Rb1 h6 29. Rb6 Be7 30. Rxa6 Nf6 31. Nc6 Bf8 32. Ra8 Nd7 33. Rd8 Nf6
34. Ne7+ Kh7 35. Rxf8 h5 36. Rxf7 Ne8 37. Nd5 Kg8 38. Re7 Kf8 39. a4 g6 40. a5
g5 41. a6 h4 42. g4 h3 43. a7 1-0

[Event "DSM WK M 2015"]
[Site "Karlsruhe GER"]
[Date "2015.05.08"]
[Round "2"]
[White "Mewis, Rebekka"]
[Black "Mertes, Kathrin"]
[Result "0-1"]
[Termination "normal"]
[Board "1.4"]
[WhiteElo "800"]
[BlackElo "1225"]
[WhiteTeam "Gymnasium Altenholz"]
[BlackTeam "Auguste-Viktoria-Gymnasium Trier"]
[PlyCount "30"]
[EventCountry "GER"]
[EventRounds "7"]
[EventType "team-swiss"]
[EventDate "2015.05.07"]

1. d4 d5 2. Nf3 Bf5 3. Nc3 Nf6 4. Bg5 Nbd7 5. e3 e6 6. Bb5 c6 7. Ba4 Bb4 8. O-O
O-O 9. e4 Bxc3 10. bxc3 Bxe4 11. Rb1 Qc7 12. Bb3 Ng4 13. Be7 Bxf3 14. Re1 Qxh2+
15. Kf1 Qxg2# 0-1

[Event "DSM WK M 2015"]
[Site "Karlsruhe GER"]
[Date "2015.05.08"]
[Round "2"]
[White "Hofmann, Imke"]
[Black "Riegel, Arinna"]
[Result "0-1"]
[Termination "normal"]
[Board "2.1"]
[WhiteElo "1253"]
[BlackElo "1640"]
[WhiteTeam "Konrad-Duden-Schule Bad Hersfeld"]
[BlackTeam "Deutschorden-Gymnasium Bad Mergentheim"]
[PlyCount "142"]
[BlackFideId "12931446"]
[EventCountry "GER"]
[EventRounds "7"]
[EventType "team-swiss"]
[EventDate "2015.05.07"]

1. e4 d5 2. exd5 Qxd5 3. Nf3 Nf6 4. d4 c6 5. c4 Qa5+ 6. Bd2 Qc7 7. h3 Bf5 8.
Be2 e6 9. Nc3 Nbd7 10. Qb3 Qb6 11. Na4 Qxb3 12. axb3 Ne4 13. Bf4 Bb4+ 14. Nd2
Bxd2+ 15. Bxd2 Nxd2 16. Kxd2 Ke7 17. g4 Be4 18. f3 Bg6 19. h4 h6 20. b4 Rhd8
21. Kc3 Kf6 22. Rhg1 e5 23. Rad1 a6 24. g5+ hxg5 25. hxg5+ Ke6 26. d5+ cxd5 27.
cxd5+ Ke7 28. d6+ Ke8 29. Rh1 Rac8+ 30. Kd2 Bc2 31. Rde1 Bxa4 32. Rh8+ Nf8 33.
Bd3 Rxd6 34. Rxe5+ Kd7 35. Ke2 Bd1+ 36. Ke3 Re8 37. Bf5+ Kd8 38. Rxe8+ Kxe8 39.
g6 fxg6 40. Bd3 Bb3 41. Rh4 Ke7 42. Kd2 Ba4 43. Rg4 Bb5 44. Re4+ Ne6 45. Re3
Bxd3 46. Rxd3 Rxd3+ 47. Kxd3 Kd6 48. Ke4 Nc7 49. f4 Nd5 50. Kd4 Nxf4 51. b3 Nd5
52. Kc4 g5 53. Kd3 Nxb4+ 54. Ke4 g6 55. Kf3 Kd5 56. Kg4 Kd4 57. Kxg5 Kc3 58.
Kxg6 Kxb3 59. Kf5 a5 60. Ke4 a4 61. Ke3 a3 62. Kd2 Kb2 63. Ke3 a2 64. Ke4 a1=Q
65. Kf5 Qe1 66. Kf4 Nd5+ 67. Kf5 Qe3 68. Kg6 Qf4 69. Kh5 Qg3 70. Kh6 Ne7 71.
Kh5 Kc3 0-1

[Event "DSM WK M 2015"]
[Site "Karlsruhe GER"]
[Date "2015.05.08"]
[Round "2"]
[White "Brunkardt, Elena"]
[Black "Bolender, Luisa"]
[Result "1-0"]
[Termination "time forfeit"]
[Board "2.2"]
[WhiteElo "1474"]
[BlackElo "1167"]
[WhiteTeam "Deutschorden-Gymnasium Bad Mergentheim"]
[BlackTeam "Konrad-Duden-Schule Bad Hersfeld"]
[PlyCount "119"]
[WhiteFideId "16208838"]
[BlackFideId "12996483"]
[EventCountry "GER"]
[EventRounds "7"]
[EventType "team-swiss"]
[EventDate "2015.05.07"]

1. e4 e5 2. Nf3 Nc6 3. Bb5 a6 4. Bxc6 dxc6 5. Nc3 Bd6 6. d4 Bg4 7. dxe5 Bxf3 8.
Qxf3 Bxe5 9. O-O Qf6 10. Qxf6 Nxf6 11. Bd2 O-O 12. Rfe1 Rfe8 13. f3 b5 14. Rab1
Bd4+ 15. Kf1 Rad8 16. Bg5 h6 17. Bh4 Be5 18. Bg3 Bxg3 19. hxg3 Rd2 20. Re2 Rd4
21. Rbe1 Nh5 22. Kf2 f6 23. Rh1 g6 24. Rh4 Kh7 25. f4 f5 26. e5 Kg7 27. Kf3
Red8 28. e6 Re8 29. Rh1 Rd6 30. Rhe1 Kf6 31. g4 fxg4+ 32. Kxg4 Ng7 33. Ne4+ Ke7
34. Nxd6 Kxd6 35. Rd1+ Kc5 36. Re5+ Kb6 37. e7 Nh5 38. Rd8 Nf6+ 39. Kf3 c5 40.
Re6+ c6 41. Rxf6 Rxe7 42. Rxg6 h5 43. Rdd6 Rc7 44. Rh6 b4 45. Rxh5 a5 46. f5 c4
47. f6 a4 48. Rf5 Rf7 49. Re6 Kc7 50. Re7+ Rxe7 51. fxe7 Kd7 52. Re5 Ke8 53. g4
c5 54. g5 a3 55. b3 cxb3 56. cxb3 c4 57. bxc4 b3 58. axb3 a2 59. Re1 a1=Q 60.
Rxa1 1-0

[Event "DSM WK M 2015"]
[Site "Karlsruhe GER"]
[Date "2015.05.08"]
[Round "2"]
[White "Schäfer, Jessica"]
[Black "Youness, Fatima"]
[Result "0-1"]
[Termination "normal"]
[Board "2.3"]
[WhiteElo "1091"]
[BlackElo "1369"]
[WhiteTeam "Konrad-Duden-Schule Bad Hersfeld"]
[BlackTeam "Deutschorden-Gymnasium Bad Mergentheim"]
[PlyCount "94"]
[WhiteFideId "12996491"]
[BlackFideId "16214404"]
[EventCountry "GER"]
[EventRounds "7"]
[EventType "team-swiss"]
[EventDate "2015.05.07"]

1. e4 e5 2. Nf3 Nc6 3. Bc4 Bc5 4. c3 Nf6 5. d4 exd4 6. cxd4 Bb4+ 7. Nc3 Nxe4 8.
O-O Nxc3 9. Qe1+ Qe7 10. bxc3 Ba5 11. d5 Nd8 12. Qxe7+ Kxe7 13. Re1+ Kf8 14.
Ba3+ d6 15. Bb5 g6 16. Rac1 a6 17. Bd3 b6 18. Re4 Bf5 19. Re3 Bxd3 20. Rxd3 Nb7
21. c4 Nc5 22. Re3 Re8 23. Rxe8+ Kxe8 24. Nd4 Kd7 25. Nc6 Kc8 26. Nxa5 bxa5 27.
Re1 Kd7 28. Re3 Re8 29. Kf1 Rxe3 30. fxe3 Ne4 31. Ke2 Nc3+ 32. Kd3 Nxa2 33. Kc2
c6 34. Kb2 Nb4 35. Bxb4 axb4 36. dxc6+ Kxc6 37. e4 Kc5 38. Kb3 a5 39. g4 a4+
40. Kb2 Kxc4 41. Ka2 Kc3 42. h4 Kc2 43. h5 b3+ 44. Ka3 b2 45. Kxa4 b1=Q 46.
hxg6 Kc3 47. Ka5 Kc4 0-1

[Event "DSM WK M 2015"]
[Site "Karlsruhe GER"]
[Date "2015.05.08"]
[Round "2"]
[White "Nguyen, Misa"]
[Black "Nguyen, Mai Chi"]
[Result "0-1"]
[Termination "normal"]
[Board "2.4"]
[WhiteElo "800"]
[BlackElo "800"]
[WhiteTeam "Deutschorden-Gymnasium Bad Mergentheim"]
[BlackTeam "Konrad-Duden-Schule Bad Hersfeld"]
[PlyCount "58"]
[EventCountry "GER"]
[EventRounds "7"]
[EventType "team-swiss"]
[EventDate "2015.05.07"]

1. d4 d5 2. e3 Nc6 3. Nc3 Nf6 4. f4 e6 5. Nf3 Ne4 6. g3 Nxc3 7. Qd2 Ne4 8. Bh3
Nxd2 9. Nxd2 Bb4 10. a3 Bd6 11. c3 O-O 12. b4 Qf6 13. c4 dxc4 14. Nxc4 Be7 15.
Ra2 Qh6 16. Rf2 Qxh3 17. Kd2 Qf5 18. h4 Qb1 19. e4 Qa2+ 20. Nb2 Qxa3 21. Rh3
Nxb4 22. Re2 Na2 23. Re3 Bb4+ 24. Kd1 Qa5 25. Rb3 Nxc1 26. Rh2 Nxb3 27. Rh3
Nxd4 28. g4 Be1 29. Rh1 Qd2# 0-1

[Event "DSM WK M 2015"]
[Site "Karlsruhe GER"]
[Date "2015.05.08"]
[Round "2"]
[White "Leinemann, Vivien Sophie"]
[Black "Möller, Hannah"]
[Result "1-0"]
[Termination "normal"]
[Board "3.1"]
[WhiteElo "1425"]
[BlackElo "1485"]
[WhiteTeam "Charlotte-Paulsen-Gymnasium Hamburg"]
[BlackTeam "Franziskusgymnasium Lingen"]
[PlyCount "33"]
[WhiteFideId "16208536"]
[BlackFideId "1270514"]
[EventCountry "GER"]
[EventRounds "7"]
[EventType "team-swiss"]
[EventDate "2015.05.07"]

1. e4 c5 2. Nf3 d6 3. d4 cxd4 4. Nxd4 Nf6 5. Nc3 g6 6. Be3 Bg7 7. f3 Nbd7 8.
Qd2 a6 9. Bd3 b5 10. Bh6 O-O 11. Bxg7 Kxg7 12. h4 h5 13. O-O-O Bb7 14. Rdg1 Qa5
15. Nf5+ Kh7 16. Qh6+ Kg8 17. Qg7# 1-0

[Event "DSM WK M 2015"]
[Site "Karlsruhe GER"]
[Date "2015.05.08"]
[Round "2"]
[White "Surmann, Imke"]
[Black "G., Diana"]
[Result "0-1"]
[Termination "normal"]
[Board "3.2"]
[WhiteElo "800"]
[BlackElo "1162"]
[WhiteTeam "Franziskusgymnasium Lingen"]
[BlackTeam "Charlotte-Paulsen-Gymnasium Hamburg"]
[PlyCount "60"]
[BlackFideId "12964700"]
[EventCountry "GER"]
[EventRounds "7"]
[EventType "team-swiss"]
[EventDate "2015.05.07"]

1. e4 e5 2. Nf3 Nc6 3. d4 exd4 4. Nxd4 Nf6 5. Nc3 Bb4 6. Bc4 Nxe4 7. O-O Nxc3
8. bxc3 Bxc3 9. Nf5 d5 10. Qe2+ Be6 11. Nxg7+ Bxg7 12. Bd3 Bxa1 13. Bf5 Qe7 14.
Re1 O-O-O 15. Qe3 Bxf5 16. Qd2 Qf6 17. Ba3 Bc3 18. Qd1 Bxe1 19. Qxe1 Rde8 20.
Qb1 Bxc2 21. Qc1 Qc3 22. h3 Qe1+ 23. Qxe1 Rxe1+ 24. Kh2 d4 25. f3 d3 26. Bc5 d2
27. Bf2 Rf1 28. Bg3 d1=Q 29. Be5 Rg8 30. f4 Rh1# 0-1